| 000 | 00535nam a22001937a 4500 | ||
|---|---|---|---|
| 003 | OSt | ||
| 005 | 20140310184504.0 | ||
| 008 | 131012t xxu||||| |||| 00| 0 eng d | ||
| 020 | _a9780439576659 | ||
| 050 |
_aPZ 7 _b.W715 2003 |
||
| 100 |
_aWilli, Denise _928308 |
||
| 245 |
_aDare to care : _bthe remarkable story of Dr. Pedro Jose Greer Jr. / _cDenise Willi |
||
| 260 |
_aNew York: _bScholastic Inc. _c2003. |
||
| 300 |
_a47 p. : _bill. ; _c20 cm. |
||
| 521 | _aG3 | ||
| 526 | _c680 | ||
| 942 |
_2lcc _cBK-SCHOLAS |
||
| 999 |
_c34802 _d34802 |
||